000 01194aab a2200229 i 4500
001 768714001
003 CO-MdFUSB
005 20240808075424.0
008 240806t1998 -us||||| |||| 00| 0 eng d
040 _bspa
_cCO-MdFUSB
041 _aeng
100 1 _aBediako, Kwame
_eautor
245 4 _aThe doctrine of Christ and the significance of vernacular terminology
_c/ Kwame Bediako
520 _aVarios factores influyen en la dinámica de la percepción de Jesucristo en la teología africana contemporánea. La práctica de asociar títulos bíblicos equivalentes para Cristo en las lenguas locales no siempre respalda los significados establecidos del vocabulario bíblico. Además, varios teólogos han expresado su preocupación por el predominio de imágenes africanas que se correlacionan con los términos bíblicos de fondo para designar a Jesús.
546 _aTexto en inglés.
650 7 _aCristología
_9239
650 0 _aEvangelización
_9362
650 7 _aTeología pastoral
_9227
773 0 _tInternational Bulletin
_049483
_961005
_gVolumen 22, (número 3, 1998), páginas: 110 - 111
_qpágina: 110
942 _cANA
945 _aCatherine Arias Álvarez - Practicante SENA
999 _c57327
_d57327